Infinite abelian group theory /
Guardado en:
| Autor Principal: | |
|---|---|
| Formato: | Libro |
| Idioma: | English |
| Publicado: |
Chicago :
University of Chicago Press,
1970.
|
| Series: | Chicago lectures in mathematics
|
| Etiquetas: |
Agregar Etiqueta
Sin Etiquetas, Sea el primero en etiquetar este registro!
|
| LEADER | 00714cam a22002055a 4500 | ||
|---|---|---|---|
| 001 | MAT.inmabb002246 | ||
| 008 | 710316s1970####ilu######b####001#0#eng#d | ||
| 005 | 20130412160902.0 | ||
| 245 | 1 | 0 | |a Infinite abelian group theory / |c Phillip A. Griffith. |
| 260 | |a Chicago : |b University of Chicago Press, |c 1970. | ||
| 300 | |a 152 p. ; |c 21 cm. | ||
| 440 | 0 | |a Chicago lectures in mathematics | |
| 500 | |a Based on a course given by the author at the University of Chicago during the summer quarter, 1969. | ||
| 504 | |a Bibliografía: p. 143-150. | ||
| 510 | 4 | |a MR, |c 44 #6826 | |
| 020 | |a 0226308707 | ||
| 100 | 1 | |a Griffith, Phillip A. | |
| 084 | |a 20Kxx |2 msc2000 | ||
| 010 | |a 70124398 | ||
| 859 | |h 20 |i G853 |p A-3917 |b BIB. MATEMATICA | ||
